AN OUTLINE OF WORLD HISTORY (Record no. 55)
[ view plain ]
| 000 -LEADER | |
|---|---|
| fixed length control field | 00352cam a2200157ua 4500 |
| 008 - FIXED-LENGTH DATA ELEMENTS--GENERAL INFORMATION | |
| fixed length control field | 150302n II |||gr||||Z||||||eng |
| 040 ## - CATALOGING SOURCE | |
| Original cataloging agency | MAIN |
| 041 ## - LANGUAGE CODE | |
| -- | English |
| 082 ## - DEWEY DECIMAL CLASSIFICATION NUMBER | |
| Classification number | 909 SEN |
| 100 ## - MAIN ENTRY--PERSONAL NAME | |
| Personal name | PROF. SEN & DAS. |
| 245 ## - TITLE STATEMENT | |
| Title | AN OUTLINE OF WORLD HISTORY |
| 260 ## - PUBLICATION, DISTRIBUTION, ETC. | |
| Place of publication, distribution, etc. | GUWAHATI |
| Name of publisher, distributor, etc. | NEWS PAPER AGENCY |
| 300 ## - PHYSICAL DESCRIPTION | |
| Extent | 000: |
| Dimensions | 20CM. |
| 942 ## - ADDED ENTRY ELEMENTS (KOHA) | |
| Koha item type | Books |
| Withdrawn status | Lost status | Damaged status | Not for loan | Collection code | Home library | Current library | Shelving location | Date acquired | Full call number | Barcode | Date last seen | Copy number | Price effective from | Koha item type | Public note |
|---|---|---|---|---|---|---|---|---|---|---|---|---|---|---|---|
| REFHIS | Central Library and Information Centre Sibsagar Girls College | Central Library and Information Centre Sibsagar Girls College | HISTORY REFERENCE RACK | 19.04.1967 | 909 SEN | 00070 | 27.02.2020 | 1 | 27.02.2020 | Books | V |